| 000 | 00589nam a22001697a 4500 | ||
|---|---|---|---|
| 005 | 20251108165915.0 | ||
| 008 | 250721s1986 xx 000 0 ara d | ||
| 082 | 1 | 4 | _aق/مور |
| 100 | 1 | _aمورافيا، ألبرتو | |
| 245 | 1 | 0 |
_aتوأمان : _bالحياة في التليفون : أقصى الصعيد : إهتديت إلى ذاتي : معبودة الجماهير / |
| 264 | 1 |
_aالقاهرة : _bمكتبة مدبولي، _c1986. |
|
| 300 | _a55ص | ||
| 650 | 1 | 7 | _aالأدب القصصي |
| 700 | 1 |
_aمحرم، نهاد _eترجمة |
|
| 942 |
_2ddc _cBK |
||
| 999 |
_c34500 _d34500 |
||